| 000 | 00677cam a2200217Ia 4500 | ||
|---|---|---|---|
| 020 | _a9251049580 | ||
| 040 | _cCUS | ||
| 082 | _a333 FOO 2003 A030 Or. | ||
| 100 | 1 | _aMcHugh, Dennis J | |
| 245 | 1 | 2 | _aA guide to the seaweed industry / |
| 246 | 3 | 0 | _aSeaweed industry |
| 260 |
_aRome : _bFood and Agriculture Organization of the United Nations, _c2003 |
||
| 300 |
_ax, 105 p. : _bill. (some col.) ; _c30 cm |
||
| 490 | 1 | _aFAO fisheries technical paper, | |
| 650 | 0 | _aMarine algae | |
| 650 | 0 | _aMarine algae industry | |
| 650 | 0 | _aMarine algae as food | |
| 650 | 0 | _aMarine algae culture | |
| 710 | 2 | _aFood and Agriculture Organization of the United Nations | |
| 942 | _cEK | ||
| 999 |
_c11586 _d11586 |
||